| 000 | 00830nam a2200229 a 4500 | ||
|---|---|---|---|
| 005 | 20160109044718.0 | ||
| 008 | 160109b2002 ck ab gr|||| 00| 0 spa d | ||
| 040 |
_aCO-BoIAVH _cCO-BoIAVH |
||
| 041 | 0 | _aspa | |
| 044 | _ack | ||
| 082 | 0 | 4 |
_a577.098 _bA26a |
| 110 | 2 | _bCorporación Autónoma Regional del Cauca | |
| 245 | 1 |
_aAgenda ambiental municipio de Sotará : _bCauca, riqueza y futuro para el país / _cCorporación Autónoma Regional del Cauca |
|
| 260 |
_aPopayán : _bCorporación Autónoma Regional del Cauca , _c2002. |
||
| 300 |
_a34 páginas : _bIlustraciones, mapas ; _c27 x 20 cm. |
||
| 650 | 6 | _aAgendas ambientales | |
| 650 | 6 |
_aEcología _zSotará |
|
| 650 | 6 | _aDesarrollo comunitario | |
| 650 | 6 | _aProblemática ambiental | |
| 662 |
_aColombia _dSotará |
||
| 942 |
_cLIBRO _2ddc |
||
| 999 |
_c6073 _d6073 |
||